[Event "4. Torneio São José do Rio Preto"]
[Site "São José do Rio Preto BRA"]
[Date "2005.02.17"]
[Round "6.2"]
[White "Cubas, Jose Fernando"]
[Black "Crosa, Martin"]
[Result "1-0"]
[WhiteElo "2401"]
[BlackElo "2401"]
[PlyCount "79"]
[EventDate "2005.02.14"]
[EventType "tourn"]
[EventRounds "9"]
[EventCountry "BRA"]
[EventCategory "3"]
[Source "lmi"]
[SourceDate "2005.02.20"]

1. e4 c5 2. Nf3 Nc6 3. d4 cxd4 4. Nxd4 Nf6 5. Nc3 e5 6. Ndb5 d6 7. Bg5 a6 8.
Na3 b5 9. Bxf6 gxf6 10. Nd5 Bg7 11. c3 f5 12. exf5 Bxf5 13. Nc2 Be6 14. g3 O-O
15. Bg2 Rb8 16. O-O a5 17. Qh5 f5 18. Nce3 Qd7 19. g4 fxg4 20. Be4 h6 21. Qg6
Rf7 22. Qh7+ Kf8 23. Kh1 Ne7 24. f4 gxf3 25. Bxf3 Nxd5 26. Bxd5 Bxd5+ 27. Nxd5
Qg4 28. Rxf7+ Kxf7 29. Rf1+ Ke6 30. Ne3 Qg5 31. Qe4 Bf8 32. c4 Be7 33. cxb5 Rc8
34. b6 Rb8 35. Qc4+ Kd7 36. Qc7+ Ke6 37. Qxb8 Qxe3 38. Qc8+ Kd5 39. Rd1+ Ke4
40. Qg4+ 1-0

[Event "4. Torneio São José do Rio Preto"]
[Site "São José do Rio Preto BRA"]
[Date "2005.02.17"]
[Round "6.3"]
[White "Oliveira, Silvio"]
[Black "Giaccio, Alfredo"]
[Result "0-1"]
[WhiteElo "2242"]
[BlackElo "2467"]
[PlyCount "80"]
[EventDate "2005.02.14"]
[EventType "tourn"]
[EventRounds "9"]
[EventCountry "BRA"]
[EventCategory "3"]
[Source "lmi"]
[SourceDate "2005.02.20"]

1. e4 e6 2. d4 d5 3. Nc3 Bb4 4. e5 c5 5. a3 Bxc3+ 6. bxc3 Qc7 7. Qg4 f5 8. Qg3
Nc6 9. Nf3 Nge7 10. h4 Bd7 11. Bd2 O-O-O 12. h5 Rdg8 13. Qf4 h6 14. Rh3 c4 15.
Be2 Nd8 16. Kd1 Ba4 17. Qh2 Nf7 18. Rg3 Qa5 19. Qh3 g5 20. hxg6 Ng5 21. Qh5 Be8
22. Nxg5 f4 23. Rh3 Bxg6 24. Qh4 Nf5 25. Qxf4 hxg5 26. Rxh8 Rxh8 27. Qxg5 Rh1+
28. Bf1 Rxf1+ 29. Ke2 Rxa1 30. Qxg6 Kd7 31. Bg5 Ne7 32. Qf7 Qd8 33. f4 Rh1 34.
g4 Qe8 35. Qg7 Rh8 36. f5 exf5 37. gxf5 Qh5+ 38. Kd2 Rh7 39. Qf6 Ke8 40. e6 Qg4
0-1

[Event "4. Torneio São José do Rio Preto"]
[Site "São José do Rio Preto BRA"]
[Date "2005.02.17"]
[Round "6.5"]
[White "Melo, Vanderlei Cason"]
[Black "Frare, Fernando"]
[Result "0-1"]
[WhiteElo "2159"]
[BlackElo "2247"]
[PlyCount "60"]
[EventDate "2005.02.14"]
[EventType "tourn"]
[EventRounds "9"]
[EventCountry "BRA"]
[EventCategory "3"]
[Source "lmi"]
[SourceDate "2005.02.20"]

1. e4 c5 2. Nf3 d6 3. d4 cxd4 4. Nxd4 Nf6 5. Nc3 a6 6. Bg5 e6 7. f4 Nbd7 8. Qf3
Qc7 9. O-O-O b5 10. Bd3 Bb7 11. g4 Be7 12. Bxf6 gxf6 13. a3 Qb6 14. Nb3 Rc8 15.
Rhe1 b4 16. axb4 Qxb4 17. Kb1 Nc5 18. Nd4 O-O 19. Qe3 Rb8 20. Na2 Qb6 21. Qc1
Rfc8 22. e5 Na4 23. Re3 fxe5 24. Bxh7+ Kxh7 25. Rb3 Qc5 26. fxe5 Be4 27. Rh3+
Kg8 28. b3 Qxe5 29. Rh5 Qg7 30. Qe3 Bxc2+ 0-1

[Event "4. Torneio São José do Rio Preto"]
[Site "São José do Rio Preto BRA"]
[Date "2005.02.18"]
[Round "7.1"]
[White "Frare, Fernando"]
[Black "Disconzi da Silva, Rodrigo"]
[Result "1/2-1/2"]
[WhiteElo "2247"]
[BlackElo "2386"]
[PlyCount "105"]
[EventDate "2005.02.14"]
[EventType "tourn"]
[EventRounds "9"]
[EventCountry "BRA"]
[EventCategory "3"]
[Source "lmi"]
[SourceDate "2005.02.20"]

1. d4 Nf6 2. Nf3 g6 3. g3 Bg7 4. Bg2 O-O 5. c4 d6 6. Nc3 Nbd7 7. O-O e5 8. e4
exd4 9. Nxd4 a6 10. h3 Re8 11. Re1 Rb8 12. Rb1 c5 13. Nc2 Ne5 14. Bf1 b5 15.
cxb5 axb5 16. b4 c4 17. Nd4 Bd7 18. Be3 Qc8 19. f4 Nd3 20. Bxd3 cxd3 21. Qxd3
Bxh3 22. Ndxb5 Qg4 23. Bf2 Qh5 24. Nxd6 Red8 25. Bc5 Bf8 26. e5 Bf5 27. Qe2
Bxb1 28. Rxb1 Qxe2 29. Nxe2 Nd7 30. Rc1 f6 31. Nd4 fxe5 32. Nc6 Nxc5 33. bxc5
exf4 34. Nxb8 Rxb8 35. a4 Bxd6 36. cxd6 Kf7 37. gxf4 Ke6 38. Kg2 Rb4 39. Kg3
Kxd6 40. Ra1 Kc6 41. a5 Rb7 42. Kg4 Ra7 43. Kg5 Kd6 44. a6 Kd5 45. Ra4 Ke6 46.
Ra5 Kd6 47. Kf6 Kc6 48. Kg5 Kb6 49. Ra3 Kc5 50. Kh6 Kd5 51. Ra5+ Ke4 52. Kg5
Kf3 53. f5 1/2-1/2

[Event "4. Torneio São José do Rio Preto"]
[Site "São José do Rio Preto BRA"]
[Date "2005.02.18"]
[Round "7.2"]
[White "Borges, Leomar"]
[Black "Melo, Vanderlei Cason"]
[Result "1-0"]
[WhiteElo "2289"]
[BlackElo "2159"]
[PlyCount "67"]
[EventDate "2005.02.14"]
[EventType "tourn"]
[EventRounds "9"]
[EventCountry "BRA"]
[EventCategory "3"]
[Source "lmi"]
[SourceDate "2005.02.20"]

1. Nf3 e6 2. b3 b6 3. Bb2 Bb7 4. g3 Nf6 5. Bg2 Be7 6. O-O O-O 7. c4 d6 8. d4
Nbd7 9. Nc3 Ne4 10. Qc2 Nxc3 11. Bxc3 Nf6 12. Nd2 Bxg2 13. Kxg2 Rc8 14. e4 Ng4
15. h3 Nh6 16. Nf3 f5 17. Bd2 fxe4 18. Qxe4 Rf6 19. Ng5 Nf7 20. Nxe6 Qd7 21. d5
c6 22. Rad1 cxd5 23. cxd5 Bf8 24. Rc1 Re8 25. Bc3 Rh6 26. Bd2 Rg6 27. f4 Qb7
28. f5 Rf6 29. Rf2 g6 30. g4 gxf5 31. gxf5 Bh6 32. Bxh6 Nxh6 33. Kh2 Nf7 34.
Qg2+ 1-0

[Event "4. Torneio São José do Rio Preto"]
[Site "São José do Rio Preto BRA"]
[Date "2005.02.18"]
[Round "7.3"]
[White "Giaccio, Alfredo"]
[Black "Valiente, Cristobal"]
[Result "1/2-1/2"]
[WhiteElo "2467"]
[BlackElo "2321"]
[PlyCount "57"]
[EventDate "2005.02.14"]
[EventType "tourn"]
[EventRounds "9"]
[EventCountry "BRA"]
[EventCategory "3"]
[Source "lmi"]
[SourceDate "2005.02.20"]

1. e4 d6 2. d4 g6 3. Nc3 Bg7 4. Nf3 Nf6 5. h3 c6 6. a4 a5 7. Be3 Na6 8. Be2 O-O
9. O-O Qc7 10. Nd2 Nb4 11. f4 e6 12. Ncb1 c5 13. dxc5 dxc5 14. c3 Na6 15. Na3
b6 16. Bf3 Bb7 17. Nb5 Qe7 18. Nc4 Nxe4 19. Nxb6 Rad8 20. Qc2 f5 21. Nc4 Bd5
22. Ne5 c4 23. Rfe1 Nac5 24. Be2 g5 25. Bxc4 Bxc4 26. Nxc4 gxf4 27. Bxf4 e5 28.
Be3 f4 29. Bd2 1/2-1/2

[Event "4. Torneio São José do Rio Preto"]
[Site "São José do Rio Preto BRA"]
[Date "2005.02.18"]
[Round "7.4"]
[White "Crosa, Martin"]
[Black "Oliveira, Silvio"]
[Result "1-0"]
[WhiteElo "2401"]
[BlackElo "2242"]
[PlyCount "77"]
[EventDate "2005.02.14"]
[EventType "tourn"]
[EventRounds "9"]
[EventCountry "BRA"]
[EventCategory "3"]
[Source "lmi"]
[SourceDate "2005.02.20"]

1. e4 c6 2. d4 d5 3. exd5 cxd5 4. c4 Nf6 5. Nc3 e6 6. Nf3 Bb4 7. cxd5 Nxd5 8.
Bd2 Nc6 9. a3 Be7 10. Bd3 O-O 11. Qe2 Bf6 12. Qe4 g6 13. O-O Nce7 14. Rfe1 Bd7
15. Bh6 Bg7 16. Bxg7 Kxg7 17. Qe5+ Kg8 18. Ne4 Nf5 19. Nc5 Bc6 20. b4 Nde7 21.
Ne4 Bxe4 22. Bxe4 Nc6 23. Bxc6 bxc6 24. Rac1 Qd5 25. Qf4 Rad8 26. Re4 Qb3 27.
g4 Ne7 28. Re3 Nd5 29. Rxb3 Nxf4 30. Kf1 Rd6 31. Rbc3 Rc8 32. b5 Nd5 33. Rc4
Ne7 34. Ne5 Kf8 35. g5 Ke8 36. Ke2 Nd5 37. Nxc6 Rc7 38. Kd3 Nf4+ 39. Ke4 1-0

[Event "4. Torneio São José do Rio Preto"]
[Site "São José do Rio Preto BRA"]
[Date "2005.02.18"]
[Round "7.5"]
[White "Bachmann Schiavo, Axel"]
[Black "Cubas, Jose Fernando"]
[Result "1-0"]
[WhiteElo "2314"]
[BlackElo "2401"]
[PlyCount "86"]
[EventDate "2005.02.14"]
[EventType "tourn"]
[EventRounds "9"]
[EventCountry "BRA"]
[EventCategory "3"]
[Source "lmi"]
[SourceDate "2005.02.20"]

1. e4 e6 2. d3 d5 3. Nd2 c5 4. g3 Nc6 5. Bg2 g6 6. f4 Nge7 7. Ngf3 Bg7 8. O-O
O-O 9. c3 b5 10. Nb3 c4 11. Nbd4 b4 12. Nxc6 Nxc6 13. d4 bxc3 14. bxc3 dxe4 15.
Ne5 Qd5 16. Ba3 Rd8 17. Qa4 Bd7 18. Nxd7 Rxd7 19. Rab1 a6 20. Rfe1 f5 21. Bf1
Nxd4 22. cxd4 Bxd4+ 23. Kh1 Rc8 24. Rbc1 c3 25. Red1 Rcc7 26. Bb4 e3+ 27. Bg2
Qb5 28. Qxb5 axb5 29. Bf1 c2 30. Rd3 Rd5 31. Rb3 Bf6 32. Be2 g5 33. fxg5 Bxg5
34. Rc3 Rd1+ 35. Bxd1 Rxc3 36. Bxc3 e2 37. Bxe2 Bxc1 38. Bd3 Be3 39. Bxc2 Bc5
40. Bd3 b4 41. Be5 Kf7 42. Kg2 Kg6 43. Kf3 Kg5 1-0

[Event "4. Torneio São José do Rio Preto"]
[Site "São José do Rio Preto BRA"]
[Date "2005.02.19"]
[Round "8.1"]
[White "Disconzi da Silva, Rodrigo"]
[Black "Cubas, Jose Fernando"]
[Result "1/2-1/2"]
[WhiteElo "2386"]
[BlackElo "2401"]
[PlyCount "114"]
[EventDate "2005.02.14"]
[EventType "tourn"]
[EventRounds "9"]
[EventCountry "BRA"]
[EventCategory "3"]
[Source "lmi"]
[SourceDate "2005.02.20"]

1. d4 d5 2. c4 c6 3. Nf3 Nf6 4. Qb3 g6 5. Nc3 Bg7 6. Bf4 O-O 7. e3 a6 8. a4 a5
9. Rc1 Na6 10. Be2 Nb4 11. O-O Nh5 12. Bg5 f6 13. Bh4 g5 14. cxd5 cxd5 15. Nb5
Bh6 16. Nd2 Nf4 17. exf4 gxh4 18. g3 e5 19. Qf3 exf4 20. Qh5 Bg7 21. Qxh4 fxg3
22. hxg3 Ra6 23. Rc3 Bd7 24. Nb3 Re6 25. Bf3 b6 26. Kg2 f5 27. Rh1 Qxh4 28.
Rxh4 Bf6 29. Rh5 Bxb5 30. axb5 a4 31. Nc1 Bxd4 32. Rc7 Bxb2 33. Nd3 Nxd3 34.
Bxd5 Nc5 35. Rxc5 bxc5 36. Bxe6+ Kg7 37. Bxf5 h6 38. Be6 Bd4 39. f4 a3 40. Kf3
Re8 41. f5 Rxe6 42. fxe6 a2 43. Rh1 a1=Q 44. Rxa1 Bxa1 45. Ke4 Kf6 46. Kd5 c4
47. Kxc4 Kxe6 48. Kd3 Kf5 49. Ke3 Kg4 50. Kf2 Kh3 51. Kg1 h5 52. Kh1 Bd4 53. b6
Bc5 54. b7 Ba7 55. b8=R Bxb8 56. Kg1 Ba7+ 57. Kh1 Kxg3 1/2-1/2

[Event "4. Torneio São José do Rio Preto"]
[Site "São José do Rio Preto BRA"]
[Date "2005.02.19"]
[Round "8.4"]
[White "Melo, Vanderlei Cason"]
[Black "Giaccio, Alfredo"]
[Result "0-1"]
[WhiteElo "2159"]
[BlackElo "2467"]
[PlyCount "80"]
[EventDate "2005.02.14"]
[EventType "tourn"]
[EventRounds "9"]
[EventCountry "BRA"]
[EventCategory "3"]
[Source "lmi"]
[SourceDate "2005.02.20"]

1. c4 Nf6 2. Nc3 g6 3. d4 Bg7 4. Nf3 O-O 5. g3 d6 6. Bg2 c6 7. O-O Qb6 8. h3
Qa6 9. Qa4 Qxa4 10. Nxa4 Ne4 11. e3 f5 12. Nd2 d5 13. Nxe4 dxe4 14. f4 exf3 15.
Bxf3 e5 16. dxe5 Bxe5 17. Kg2 Be6 18. c5 Na6 19. Bd2 Rad8 20. Ba5 Rd3 21. Kf2
Nc7 22. Rfd1 Rfd8 23. Bc3 Rxd1 24. Rxd1 Rxd1 25. Bxd1 Bxc3 26. Nxc3 Na6 27. Na4
Bxa2 28. e4 fxe4 29. Ke3 Bb1 30. Be2 Bd3 31. Bg4 Bc2 32. Be6+ Kg7 33. b3 Kf6
34. Bg8 Ke5 35. Bf7 g5 36. Bg8 h6 37. Bf7 Bd3 38. Be8 Nc7 39. Bf7 Nd5+ 40. Bxd5
cxd5 0-1

[Event "4. Torneio São José do Rio Preto"]
[Site "São José do Rio Preto BRA"]
[Date "2005.02.19"]
[Round "8.5"]
[White "Frare, Fernando"]
[Black "Borges, Leomar"]
[Result "0-1"]
[WhiteElo "2247"]
[BlackElo "2289"]
[PlyCount "72"]
[EventDate "2005.02.14"]
[EventType "tourn"]
[EventRounds "9"]
[EventCountry "BRA"]
[EventCategory "3"]
[Source "lmi"]
[SourceDate "2005.02.20"]

1. d4 Nf6 2. c4 c5 3. d5 e6 4. Nc3 d6 5. e4 e5 6. Nf3 Be7 7. Be2 Nbd7 8. a3 Nf8
9. h4 h5 10. g3 Bg4 11. Nd2 Bd7 12. b4 b6 13. Nb3 g6 14. f3 N8h7 15. Be3 Qc8
16. Kf2 O-O 17. Qd2 Ne8 18. Kg2 Ng7 19. bxc5 bxc5 20. Rab1 Qa6 21. Qa2 f5 22.
Nd2 Qc8 23. a4 f4 24. Bf2 g5 25. hxg5 Bxg5 26. a5 fxg3 27. Bxg3 Qe8 28. Nf1 Qg6
29. Kf2 Bf4 30. Bxf4 Rxf4 31. Rb7 Bg4 32. Rg1 Ng5 33. Rg3 Raf8 34. Nd2 h4 35.
Rg2 h3 36. Rg3 Nh5 0-1

[Event "4. Torneio São José do Rio Preto"]
[Site "São José do Rio Preto BRA"]
[Date "2005.02.20"]
[Round "9.1"]
[White "Borges, Leomar"]
[Black "Disconzi da Silva, Rodrigo"]
[Result "1/2-1/2"]
[WhiteElo "2289"]
[BlackElo "2386"]
[PlyCount "32"]
[EventDate "2005.02.14"]
[EventType "tourn"]
[EventRounds "9"]
[EventCountry "BRA"]
[EventCategory "3"]
[Source "lmi"]
[SourceDate "2005.02.20"]

1. Nf3 g6 2. d4 Nf6 3. e3 Bg7 4. Be2 O-O 5. b3 d6 6. Bb2 b6 7. O-O c5 8. c4 e6
9. Nc3 Bb7 10. Qc2 Nc6 11. dxc5 dxc5 12. Rad1 Qe7 13. Qb1 Rfd8 14. Rxd8+ Rxd8
15. Rd1 Rxd1+ 16. Qxd1 Qd7 1/2-1/2

[Event "4. Torneio São José do Rio Preto"]
[Site "São José do Rio Preto BRA"]
[Date "2005.02.20"]
[Round "9.2"]
[White "Giaccio, Alfredo"]
[Black "Frare, Fernando"]
[Result "1/2-1/2"]
[WhiteElo "2467"]
[BlackElo "2247"]
[PlyCount "55"]
[EventDate "2005.02.14"]
[EventType "tourn"]
[EventRounds "9"]
[EventCountry "BRA"]
[EventCategory "3"]
[Source "lmi"]
[SourceDate "2005.02.20"]

1. e4 c5 2. Nf3 d6 3. d4 cxd4 4. Nxd4 Nf6 5. Nc3 a6 6. h3 e5 7. Nb3 h6 8. f4
Be7 9. Be3 Nc6 10. Be2 exf4 11. Bxf4 Be6 12. O-O d5 13. e5 Ne4 14. Nxe4 dxe4
15. Qe1 Bg5 16. Rd1 Qb6+ 17. Kh1 Bxf4 18. Rxf4 Qe3 19. Qd2 Qxd2 20. Rxd2 Bxb3
21. axb3 Nxe5 22. Rxe4 f6 23. Rb4 b5 24. c4 Nc6 25. Bf3 Nxb4 26. Bxa8 Ke7 27.
Bf3 Rc8 28. Rd4 1/2-1/2

[Event "4. Torneio São José do Rio Preto"]
[Site "São José do Rio Preto BRA"]
[Date "2005.02.20"]
[Round "9.3"]
[White "Crosa, Martin"]
[Black "Melo, Vanderlei Cason"]
[Result "1-0"]
[WhiteElo "2401"]
[BlackElo "2159"]
[PlyCount "43"]
[EventDate "2005.02.14"]
[EventType "tourn"]
[EventRounds "9"]
[EventCountry "BRA"]
[EventCategory "3"]
[Source "lmi"]
[SourceDate "2005.02.20"]

1. e4 c6 2. d4 d5 3. exd5 cxd5 4. c4 Nf6 5. Nc3 e6 6. Nf3 Be7 7. cxd5 Nxd5 8.
Bd3 O-O 9. O-O Nc6 10. Re1 Nxc3 11. bxc3 Bf6 12. Qe2 g6 13. Rb1 b6 14. h4 Bb7
15. h5 Qd5 16. Rb5 Qd6 17. Ng5 Nd8 18. Qg4 Ba6 19. Nxh7 Kxh7 20. hxg6+ Kg8 21.
g7 Bxb5 22. Qh5 1-0

[Event "4. Torneio São José do Rio Preto"]
[Site "São José do Rio Preto BRA"]
[Date "2005.02.20"]
[Round "9.4"]
[White "Bachmann Schiavo, Axel"]
[Black "Valiente, Cristobal"]
[Result "0-1"]
[WhiteElo "2314"]
[BlackElo "2321"]
[PlyCount "70"]
[EventDate "2005.02.14"]
[EventType "tourn"]
[EventRounds "9"]
[EventCountry "BRA"]
[EventCategory "3"]
[Source "lmi"]
[SourceDate "2005.02.20"]

1. e4 e5 2. Nf3 Nc6 3. Bc4 Be7 4. c3 Nf6 5. d3 O-O 6. Nbd2 d6 7. Bb3 Be6 8. Bc2
h6 9. Qe2 Re8 10. Nf1 Bf8 11. h3 d5 12. g4 dxe4 13. dxe4 Nh7 14. Ne3 g6 15. h4
Qd6 16. Rg1 Kh8 17. Nc4 Qc5 18. Bd3 Bg7 19. b4 Qe7 20. b5 Nb8 21. Ba3 Qd8 22.
Rd1 Nd7 23. Na5 Qc8 24. Nb3 c6 25. bxc6 Qxc6 26. Bb5 Qxc3+ 27. Kf1 Qc7 28. Rc1
Qb6 29. Nc5 Rad8 30. Nxe6 Rxe6 31. Bc4 Ndf8 32. Kg2 Nf6 33. Kg3 Rc6 34. Bxf7
Qa6 35. Qe3 Rd3 0-1

[Event "4. Torneio São José do Rio Preto"]
[Site "São José do Rio Preto BRA"]
[Date "2005.02.20"]
[Round "9.5"]
[White "Cubas, Jose Fernando"]
[Black "Oliveira, Silvio"]
[Result "1-0"]
[WhiteElo "2401"]
[BlackElo "2242"]
[PlyCount "99"]
[EventDate "2005.02.14"]
[EventType "tourn"]
[EventRounds "9"]
[EventCountry "BRA"]
[EventCategory "3"]
[Source "lmi"]
[SourceDate "2005.02.20"]

1. e4 e5 2. Nf3 Nc6 3. Bc4 Bc5 4. c3 Nf6 5. d3 d6 6. O-O O-O 7. h3 h6 8. Bb3 a6
9. Re1 Ba7 10. Nbd2 Re8 11. Nf1 Be6 12. Ng3 d5 13. Qe2 Qd6 14. Nh4 dxe4 15.
dxe4 Rad8 16. Bc2 Ne7 17. Qf3 Nh7 18. Nhf5 Nxf5 19. Nxf5 Bxf5 20. exf5 c6 21.
h4 Nf6 22. g4 e4 23. Qg2 h5 24. gxh5 Nxh5 25. Bg5 f6 26. Bb3+ Kf8 27. Be3 Bxe3
28. Rxe3 Nf4 29. Qg4 b5 30. h5 Nd5 31. Rae1 Qf4 32. Qxf4 Nxf4 33. Rxe4 Nd3 34.
Rxe8+ Rxe8 35. Rd1 Nxb2 36. Rd7 Re7 37. Rd6 Rc7 38. h6 gxh6 39. Rxf6+ Kg7 40.
Rg6+ Kh7 41. Bg8+ Kh8 42. f6 Na4 43. Be6 Nc5 44. Bf5 Rh7 45. Kg2 a5 46. a3 Rf7
47. Rxh6+ Kg8 48. Kg3 Rb7 49. Kf4 Kf7 50. Ke5 1-0